000 00412nam a2200145Ia 4500
008 240719s9999 xx 000 0 und d
041 _aeng
082 _a659.196 LEW
100 _aLewis, Richard W
245 _aAbsolut Sequel The Absolut Advertising Story Continues
260 _aNorth Clarendon
_bPeriplus Tuttle Pub
_c2005
300 _a267;. P. 29 Cm
365 _c
_b60
520 _aGifted By : IMT Faculty
999 _c41377
_d41377